| 000 | 00607nam a2200193Ii 4500 | ||
|---|---|---|---|
| 003 | JO-AjNU | ||
| 008 | 230606s9999||||xx |||||||||||||| ||und|| | ||
| 040 |
_aJO-AjNU _beng _erda _cJO-AjNU |
||
| 041 | _aeng | ||
| 050 | 1 | 4 | _aDS99.D3.T37 1987 |
| 100 | 3 |
_a Tarawneh, Taha Thalji , _eauthor _93707 |
|
| 245 | 0 | 0 | _a The province of Damascus during the second Mamluk period |
| 264 | 3 | 1 | _a Karak: Mu'tah University, 1987 |
| 300 | _a200p | ||
| 336 |
_atext _btxt _2rdacontent |
||
| 337 |
_aunmediated _bn _2rdamedia |
||
| 338 |
_avolume _bnc _2rdacarrier |
||
| 650 | 4 |
_a Damascus -- History -- 1382-1516 _93708 |
|
| 999 |
_aE1933 _c1933 _d1933 |
||